Tényleg nincsen probléma? (Filozófiai (láb)jegyzetek)

Elmentve itt :
Bibliográfiai részletek
Szerző: Vajda Mihály
Adatforrás:Philobibl
Forrásdokumentuma:Alföld 43
1992/12., 88-96. p.
Dokumentumtípus: Cikk
Nyelv:magyar
LEADER 00386nab a2200109 c 4500
001 bibDOK00004092
005 20200924120018.7
008 060518s1992 xx hun
100 1 |a Vajda Mihály 
245 1 0 |a Tényleg nincsen probléma? (Filozófiai (láb)jegyzetek)  |c Vajda Mihály 
500 |a Beck András: Nincs megoldás, mert nincs probléma c. könyvéről 
773 0 |t Alföld 43  |g 1992/12., 88-96. p.